ბათუმის შოთა რუსთაველის სახელმწიფო უნივერსიტეტის ბიბლიოთეკა

აკადემიკოსი შოთა ნადირაშვილი – 90 / (ბიბ.ჩანაწერი № 60413)

000 -ლიდერი
ფიქსირებული სიგრძის საკონტროლო ველი 01112nam a22001817a 4500
003 - საკონტროლო ნომრის იდენტიფიკატორი
საკონტროლო ველი Ge_BSU
005 - ბოლო ოპერაციის თარიღი და დრო
საკონტროლო ველი 20230713131112.0
008 - ფიქსირებული სიგრძის მონაცემთა ელემენტები - ზოგადი ინფორმაცია
ფიქსირებული სიგრძის საკონტროლო ველი 230713s2016ge xxu||||| |||| 00| 0 geo d
041 ## - ენის კოდი
Language code of text/sound track or separate title geo
080 ## - უნივერსალური ათობითი კლასიფიკაციის ინდექსი
Universal Decimal Classification number 001(479.22)(092) ა-40
245 ## - ცნობა სათაურის შესახებ
Title აკადემიკოსი შოთა ნადირაშვილი – 90 /
Statement of responsibility, etc საქართველოს მეცნიერებათა ეროვნული აკადემია
264 ## - წარმოების, გამოცემის, დისტრიბუციის და სხვა ცნობები
გამოცემის, წარმოების, დისტრიბუციის... ადგილი თბილისი,
გამოცემის, წარმოების, დისტრიბუციის... თარიღი 2016.
300 ## - ფიზიკური აღწერა
Extent 40 გვ.:
Other physical details ილ ;
Dimensions 18 სმ.
653 ## - INDEX TERM--UNCONTROLLED
Uncontrolled term ნადირაშვილი, შოთა, აკადემიკოსი, ფსიქოლოგი. ქართველი მეცნიერები
653 ## - INDEX TERM--UNCONTROLLED
Uncontrolled term შოთა ნადირაშვილი. აკამიკოს შოთა ნადირაშვილის 90 წლისთავის იუბილის აღნიშვნა.
711 ## - ADDED ENTRY--MEETING NAME
Meeting name or jurisdiction name as entry element საქართველოს მეცნიერებათა ეროვნული აკადემია
9 (RLIN) 19300
942 ## - ADDED ENTRY ELEMENTS (KOHA)
Source of classification or shelving scheme
Koha item type წიგნი
ეგზემპლარები
ჩამოწერის სტატუსი დაკარგული ეგზემპლარის სტატუსი კლასიფიკაციის წყარო ან თაროზე გაწყობის სქემა დაზიანების სტატუსი არ გაიცემა მუდმივი მდებარეობა (დაცვის ადგილი) ამჟამინდელი ადგილსამყოფელი თაროზე განთავსების ადგილი შეძენის თარიღი ღირებულება, შესყიდვის ნორმალური ფასი სრული შენახვის შიფრი შტრიხკოდი ბოლო ოპერაციის თარიღი ეგზემპლარის მიმდევრობითი ნომერი (კეტერი?) Uniform Resource Identifier ფასის ძალაში შესვლის თარიღი ეგზემპლარის სახეობა საჯარო შენიშვნა
          ბათუმის შოთა რუსთაველის სახელმწიფო უნივერსიტეტის მთავარი ბიბლიოთეკა ბათუმის შოთა რუსთაველის სახელმწიფო უნივერსიტეტის მთავარი ბიბლიოთეკა წიგნსაცავი 2023-07-13 3.00 001(479.22)(092) ა-40 64955 2023-07-13 64955 ბსუ-ს საპატიო დოქტორის გურამ ლორთქიფანიძის საჩუქარი 2023-07-13 წიგნი 3.00